书目信息 |
| 题名: |
环境化学
|
|
| 作者: | 王凯雄 , 胡勤海 主编 | |
| 分册: | ||
| 出版信息: | 北京 化学工业出版社 2006 |
|
| 页数: | 263页 | |
| 开本: | 26cm | |
| 丛书名: | ||
| 单 册: | ||
| 中图分类: | X13 | |
| 科图分类: | ||
| 主题词: | 环境化学--高等学校--教材 , 环境化学 | |
| 电子资源: | ||
| ISBN: | 7-5025-8466-8 | |
| 000 | 00967nam0 2200277 450 | |
| 001 | 012007457709 | |
| 005 | 20070517143935.95 | |
| 010 | @a7-5025-8466-8@dCNY30.00 | |
| 100 | @a20070509d2006 km y0chiy0120 ea | |
| 101 | 0 | @achi |
| 102 | @aCN@b110000 | |
| 105 | @ay z 000yy | |
| 106 | @ar | |
| 200 | 1 | @a环境化学@Ahuan jing hua xue@f王凯雄,胡勤海主编@Fwang kai xiong,hu qin hai zhu bian |
| 210 | @a北京@c化学工业出版社@d2006 | |
| 215 | @a263页@d26cm | |
| 300 | @a高等学校教材 | |
| 330 | @a本书以化学原理为主线,简明阐述环境化学的有关基本概念、基本原理及其在环境污染与控制中的应用。全书共分五章,主要包括:绪论、水环境化学、大气环境化学、土壤环境化学及环境生物化学。 | |
| 510 | 1 | @aEnvironmental chemistry@zeng |
| 606 | 0 | @a环境化学@x高等学校@j教材 |
| 606 | 0 | @a环境化学 |
| 690 | @aX13@v4 | |
| 701 | 0 | @a王凯雄@Awang kai xiong@f(1944.7~)@4主编 |
| 701 | 0 | @a胡勤海@Ahu qin hai@f(1962~)@4主编 |
| 801 | 0 | @aCN@bRULIN@c20070517 |
| 905 | @dX13@e101@s8 | |
| 环境化学/王凯雄,胡勤海主编.-北京:化学工业出版社,2006 |
| 263页;26cm |
| 高等学校教材 |
| ISBN 7-5025-8466-8:CNY30.00 |
| 本书以化学原理为主线,简明阐述环境化学的有关基本概念、基本原理及其在环境污染与控制中的应用。全书共分五章,主要包括:绪论、水环境化学、大气环境化学、土壤环境化学及环境生物化学。 |
| ● |
| 相关链接 |
|
|
|
|
正题名:环境化学
索取号:X13/101
 
预约/预借
| 序号 | 登录号 | 条形码 | 馆藏地/架位号 | 状态 | 备注 |
| 1 | 0575069 | 205750695 | 第二样本阅览室/ [索取号:X13/101] | 在馆 | |
| 2 | 0575070 | 205750702 | 第三借阅区/ [索取号:X13/101] | 在馆 | |
| 3 | 0575071 | 205750711 | 第三借阅区/ [索取号:X13/101] | 在馆 | |
| 4 | 0575072 | 205750720 | 第三借阅区/ [索取号:X13/101] | 在馆 | |
| 5 | 0575073 | 205750739 | 第三借阅区/ [索取号:X13/101] | 在馆 | |
| 6 | 0575074 | 205750748 | 第三借阅区/ [索取号:X13/101] | 在馆 | |
| 7 | 0575075 | 205750757 | 第三借阅区/ [索取号:X13/101] | 在馆 | |
| 8 | 0575076 | 205750766 | 第三借阅区/ [索取号:X13/101] | 在馆 |